Guess The Song Title Based On The Hint #1 - Statistics

General Stats
  • This quiz has been taken 49 times
  • The average score is 10 of 15
Answer Stats
Hint Song Artist % Correct
The warmest of the 4 seasons Summer Calvin Harris
98%
Used to shield one from the rain Umbrella Rihanna
95%
Sweet treat made from cocoa beans Chocolate The 1975
91%
Part of the eye and type of flower Iris The Goo Goo Dolls
84%
Adolescents between 13-19 years old Teenagers My Chemical Romance
82%
Another word for "Shove" Push Matchbox Twenty
80%
Opposite of purple on a colour wheel Yellow Coldplay
77%
To spring into the air Jump Van Halen
75%
The second largest city in Florida Miami Will Smith
73%
App formerly known as "Musical.ly" used to watch dancing and musical videos TiK ToK Kesha
70%
The 3rd element on the Periodic Table Lithium Nirvana
64%
Standard work day in a 40 hour work week 9 to 5 Dolly Parton
55%
1950's Rock and Roll singer who died in a plane crash Buddy Holly Weezer
52%
Used to describe chemicals, drugs, and exes Toxic Britney Spears
39%
Mutual feelings of hate between people Bad Blood Taylor Swift
9%
No matching quizzes found
Score Distribution
Percent of People with Each Score
Percentile by Number Answered
Your Score History
You have not taken this quiz